[Event "81st Tata Steel Challengers 2019"]
[Site "Wijk aan Zee"]
[Date "2019.01.16"]
[Round "5"]
[White "Esipenko, Andrey"]
[Black "Paehtz, Elisabeth"]
[Result "1/2-1/2"]
[WhiteElo "2584"]
[BlackElo "2477"]
[Annotator "TA"]
[PlyCount "85"]
[EventDate "2019.01.12"]
[EventType "tourn"]
[EventCountry "NED"]
[SourceTitle "playchess.com"]
[Source "ChessBase"]
[SourceQuality "1"]

{[%evp 19,85,13,42,0,33,28,44,3,2,-8,2,0,0,0,0,-8,0,-6,0,0,0,-28,-9,-18,-15,-21,-15,0,6,0,0,0,0,-52,16,20,20,11,13,22,16,20,35,34,34,34,37,35,36,34,33,9,20,8,8,8,9,0,0,0,0,0,0,0,0,0,0,0]} 1. d4 d5 2. c4 c6 3. Nf3 Nf6 4. Qb3 dxc4 5. Qxc4 Bf5 6. g3 e6 7. Bg2 Be7 8. O-O O-O 9. Nc3 Nbd7 10. Re1 Ne4 {LiveBook: 318 Games} 11. a4 $146 {D23: Queen's Gambit Accepted: 3 Nf3 Nf6 sidelines} ({Predecessor:} 11. Qb3 Qb6 12. Nh4 Qxb3 13. axb3 Bb4 14. Nxf5 exf5 15. Bxe4 fxe4 16. Bd2 Rfe8 17. Nxe4 Rxe4 18. Bxb4 Rxd4 19. Bc3 Re4 {½-½ (29) Nguyen,N (2618)-Maghsoodloo,P (2636) Hamedan 2018}) 11... Nxc3 (11... a5 {with more complications.} 12. Bf4 g5 13. Be3 Nd6 14. Qa2 Bg6) 12. bxc3 Be4 13. e3 {White is slightly better.} c5 14. Qe2 Rc8 15. Bb2 cxd4 16. exd4 Bd5 17. a5 Qc7 18. Nd2 {[#] Bxd5 is the strong threat.} Bxg2 19. Kxg2 Qc6+ 20. f3 Nf6 21. Rec1 Rc7 22. c4 Qa6 23. Kf2 Rfc8 24. c5 Qc6 25. Nc4 Nd7 26. Bc3 ({White should try} 26. Rc2 $11) 26... Qa6 (26... Nxc5 $1 $15 27. Ne5 (27. dxc5 $2 Qxc5+ 28. Ne3 Qh5 $17) 27... Qa6 28. dxc5 Bxc5+ 29. Ke1 Bb4 30. Qxa6 bxa6 31. Bxb4 Rxc1+ 32. Rxc1 Rxc1+ 33. Ke2 Rc2+ 34. Bd2 Rc5) 27. Bd2 $11 e5 28. Nxe5 {And now Qxa6 would win.} Qxe2+ 29. Kxe2 {Threatens to win with Nc4.} Nxe5 30. dxe5 Rxc5 31. Rxc5 Rxc5 {[%mdl 4096] Endgame KRB-KRB} 32. f4 Rb5 33. Rc1 Bc5 34. Kd3 g6 35. Bc3 h5 {The position is equal.} 36. Kc4 a6 37. Rd1 {aiming for Rd5.} Be7 38. h3 Rc5+ 39. Kb3 Rb5+ 40. Kc2 Kf8 41. g4 hxg4 42. hxg4 Ke8 43. Ra1 {Precision: White = 52%, Black = 75%.} 1/2-1/2

[Event "81st Tata Steel Challengers 2019"]
[Site "Wijk aan Zee"]
[Date "2019.01.16"]
[Round "5"]
[White "Praggnanandhaa R"]
[Black "Maghsoodloo, Parham"]
[Result "1/2-1/2"]
[WhiteElo "2539"]
[BlackElo "2679"]
[Annotator "TA"]
[PlyCount "60"]
[EventDate "2019.01.12"]
[EventType "tourn"]
[EventCountry "NED"]
[SourceTitle "playchess.com"]
[Source "ChessBase"]
[SourceQuality "1"]

{[%evp 16,60,25,25,32,31,51,18,34,14,39,30,45,39,57,41,61,58,54,52,56,20,39,38,20,18,23,25,41,26,41,41,33,14,13,12,47,39,37,32,30,33,32,0,24,0,43]} 1. e4 e5 2. Nf3 Nc6 3. Bc4 Bc5 4. c3 Nf6 5. d3 a6 6. a4 {C54: Giuoco Piano: 4 c3 Nf6, main lines with 5 d4 and 5 d3} Ba7 7. O-O d6 8. Nbd2 (8. Re1 O-O 9. h3 h6 10. Nbd2 Re8 11. Nf1 Be6 12. Bxe6 Rxe6 13. Be3 Bxe3 14. Nxe3 d5 {½-½ (32) Anand,V (2768)-Grischuk,A (2766) Saint Louis 2018}) 8... h6 9. Re1 {LiveBook: 41 Games} Nh5 10. Nf1 Qf6 11. Ne3 Bxe3 12. Bxe3 $146 ({Predecessor:} 12. fxe3 Be6 13. Bd5 Nd8 {1-0 (39) Deszczynski,A (2380)-Zlatin,A (2259) Warsaw 2017}) 12... Nf4 13. Nd2 {[%cal Bf3d2,Bd2f1,Bf1e3,Be3c4][%mdl 32]} g5 14. d4 O-O {[%cal Re5d4]} 15. Nf1 Ne7 16. dxe5 dxe5 17. Bc5 Be6 18. Bxe7 Qxe7 19. Ne3 Bxc4 20. Nxc4 Rad8 21. Qc2 Qe6 22. Ne3 Rd7 23. Rad1 Rfd8 24. Rxd7 Rxd7 25. Rd1 Nh5 26. Nf5 Kh7 27. h3 Ng7 28. Ne3 Ne8 29. Nf5 Ng7 30. Ne3 Ne8 {Accuracy: White = 62%, Black = 28%.} 1/2-1/2

[Event "81st Tata Steel Challengers 2019"]
[Site "Wijk aan Zee"]
[Date "2019.01.16"]
[Round "5"]
[White "Van Foreest, Lucas"]
[Black "L'Ami, Erwin"]
[Result "1/2-1/2"]
[WhiteElo "2502"]
[BlackElo "2643"]
[Annotator "TA"]
[PlyCount "71"]
[EventDate "2019.01.12"]
[EventType "tourn"]
[EventCountry "NED"]
[SourceTitle "playchess.com"]
[Source "ChessBase"]
[SourceQuality "1"]

{[%evp 17,71,18,14,6,9,7,27,18,21,24,20,0,0,0,0,0,14,25,26,16,16,28,35,42,42,37,34,0,0,0,15,0,140,135,180,179,170,176,378,383,393,383,555,0,0,0,0,0,0,0,0,0,0,0,0,0]} 1. e4 c5 2. Nf3 d6 3. d4 cxd4 4. Nxd4 Nf6 5. Nc3 Nc6 6. f3 e5 7. Nb3 Be6 8. Nd5 Be7 9. Be3 O-O {LiveBook: 33 Games. B56: Classical Sicilian: Unusual Lines} 10. c3 (10. Qd2 a5 11. Bb6 Qd7 12. Bb5 Bd8 13. Bxa5 Bxa5 14. Nxf6+ gxf6 15. Nxa5 Rxa5 16. Qxa5 Nxa5 17. Bxd7 Bxd7 18. O-O-O {1-0 (60) Lu,S (2635)-Karthikeyan,M (2604) Bhubaneswar 2018}) 10... Bxd5 11. exd5 Nb8 $146 ({Predecessor:} 11... Na5 12. Qd3 Nxb3 13. axb3 Qd7 14. Be2 Bd8 15. b4 Bb6 16. Bxb6 axb6 {1-0 (50) Siigur,J (2433)-Schmidt,K (2171) ICCF email 2016}) 12. Be2 Nbd7 13. O-O Qc8 14. Bf2 Bd8 15. Kh1 Bb6 16. Bh4 Re8 17. a4 {[%cal Ba2a4,Ba4a5][%mdl 32]} a6 18. a5 Ba7 19. Ra4 Nh5 20. Rc4 $36 {[%mdl 2048] White is pushing.} Qb8 $1 21. g3 Nhf6 22. f4 exf4 23. Rcxf4 Be3 24. R4f3 Qd8 (24... b5 $11 {keeps the balance.}) 25. Bd3 $16 h6 26. Bxf6 $1 Nxf6 27. Bc2 Qd7 $2 (27... Ba7) 28. Qd3 $1 $18 {And now Rxf6 would win.} Bg5 {intending ...Qh3.} 29. Nd4 Qh3 {[#]} (29... g6 $142 30. Kg2 Qg4 31. Rxf6 Bxf6) 30. Nf5 $2 (30. g4 $1 $18 {[%mdl 512]} Qxg4 (30... Nxg4 31. Qh7+) 31. Rxf6 $1 {[%mdl 576] Remove Defender} gxf6 32. Qh7+ Kf8 33. Qh8+ Ke7 34. Re1+ Kd7 35. Ba4+ Kc7 36. Bxe8) 30... Re5 $11 {The position is equal.} (30... Ng4 {[#]} 31. Ne7+ $1 {[%mdl 512]} Bxe7 32. Qh7+ Kf8 33. Rxf7#) 31. g4 Qxg4 32. Rg1 Qh5 33. Ng3 Qg4 34. Nf5 ({Don't blunder} 34. Rxf6 $2 Bxf6 35. Ne4 (35. Qh7+ $2 Kf8 $19) 35... Qh4 $19) 34... Qh5 35. Ng3 Qg4 36. Nf5 {Accuracy: White = 81%, Black = 48%.} ({Don't go for} 36. Rxf6 $2 Bxf6 37. Ne4 (37. Qh7+ $2 Kf8 $19) 37... Qh4 $19) 1/2-1/2

[Event "81st Tata Steel Challengers 2019"]
[Site "Wijk aan Zee"]
[Date "2019.01.16"]
[Round "5"]
[White "Saduakassova, Dinara"]
[Black "Bareev, Evgeny"]
[Result "0-1"]
[WhiteElo "2472"]
[BlackElo "2650"]
[Annotator "TA"]
[PlyCount "116"]
[EventDate "2019.01.12"]
[EventType "tourn"]
[EventCountry "NED"]
[SourceTitle "playchess.com"]
[Source "ChessBase"]
[SourceQuality "1"]

{[%evp 22,116,73,63,80,76,108,60,92,77,79,52,85,92,94,100,91,92,94,80,108,102,118,75,91,87,95,80,105,0,6,5,13,0,0,-44,-14,-27,-16,-36,-35,-53,-24,-36,-51,-98,-94,-116,-106,-104,-102,-93,-82,-115,-115,-189,-195,-177,-177,-200,-196,-191,-185,-165,-132,-133,-133,-125,-111,-127,-118,-118,-116,-112,-116,-171,-171,-258,-251,-268,-268,-455,-384,-506,-356,-29986,-29987,-29987,-29988,-29988,-29981,-29981,-29982,-29988,-29989,-29989,-29990]} 1. d4 Nf6 2. c4 c5 3. d5 b5 4. cxb5 a6 5. bxa6 Bxa6 6. Nc3 g6 7. Nf3 Qa5 {A58: Benko/Volga Gambit: Lines with 5 bxa6} (7... Bg7 8. e4 Bxf1 9. Kxf1 d6 10. g3 O-O 11. Kg2 Na6 12. Qe2 Qb6 13. Rd1 Qb7 14. Rb1 Nd7 15. Bg5 Rfe8 16. a3 Nc7 17. Qc2 Nb6 18. a4 Rac8 19. b3 e6 20. dxe6 Nxe6 {1-0 (27) Jakovenko,D (2714)-Zvjaginsev,V (2673) Moscow 2016}) 8. Bd2 Bg7 9. e4 d6 10. Be2 O-O 11. O-O Nbd7 12. a4 {LiveBook: 4 Games} Qb6 13. Bxa6 Rxa6 {[#]} 14. Qc2 $146 Rc8 15. Nb5 Qb7 16. Na3 Rb8 17. Bc3 $1 Qb3 18. Qxb3 Rxb3 19. Nd2 Rb8 20. Nb5 Ne8 21. Bxg7 Kxg7 22. Nc4 Ne5 23. Ne3 $1 g5 24. b3 Rb7 25. Nc4 (25. h4 $16) 25... Nxc4 $11 26. bxc4 Nf6 27. f3 Nd7 28. Rab1 Rbb6 {[%mdl 1024] Black has compensation.} ({Reject} 28... Rxa4 $6 29. Nxd6 $1 {[%mdl 512]} Rxb1 30. Nf5+ Kf6 31. Rxb1 $14) 29. Ra1 Ne5 30. Rfc1 Ra5 31. Ra2 Kf6 32. Kf1 Nxc4 33. Rxc4 Rbxb5 $1 $15 {[%mdl 4096] Endgame KRR-KRR} 34. Ke2 Rb3 35. Kd2 e6 36. Kc2 Rb7 37. Ra3 Rba7 38. g3 {[#]} (38. Ra1 $17) 38... exd5 $1 $19 39. exd5 Ke5 40. h4 h6 ({Resist} 40... Kxd5 41. Rg4 $17) 41. hxg5 hxg5 42. Rg4 f6 {[%cal Bf7f6,Bf6f5][%mdl 32]} 43. Re4+ Kxd5 {White must now prevent ...c4.} 44. Rd3+ Kc6 45. Re6 Rd7 ({But not} 45... Rxa4 $6 46. Rdxd6+ Kb5 47. Rb6+ Kc4 48. Re4+ Kd5 49. Rxa4 $11) 46. Kb3 f5 47. Rg6 Ra8 48. Rf6 (48. Rd1 $17) 48... g4 49. f4 (49. Rxf5 {was worth a try.} d5 50. Rd1) 49... Rb8+ 50. Kc2 c4 51. Ra3 $2 (51. Rd4 Kc5 52. Rd1) 51... Kc5 52. a5 Rdb7 {And now ...Rb2+ would win.} 53. Ra2 $2 (53. a6 $19 Rb2+ 54. Kc1 Rb1+ 55. Kd2) 53... Rh7 {Black mates.} 54. Ra4 Rh2+ 55. Kc1 Rh1+ 56. Kc2 Re8 57. Kd2 Rh2+ 58. Kd1 Kb5 {Precision: White = 41%, Black = 79%.} 0-1

[Event "81st Tata Steel Challengers 2019"]
[Site "Wijk aan Zee"]
[Date "2019.01.16"]
[Round "5"]
[White "Kuipers, Stefan"]
[Black "Korobov, Anton"]
[Result "0-1"]
[WhiteElo "2470"]
[BlackElo "2699"]
[Annotator "TA"]
[PlyCount "74"]
[EventDate "2019.01.12"]
[EventType "tourn"]
[EventCountry "NED"]
[SourceTitle "playchess.com"]
[Source "ChessBase"]
[SourceQuality "1"]

{[%evp 23,74,23,9,14,64,24,49,1,13,21,27,20,63,51,35,-11,-12,-20,-13,-21,0,0,0,0,0,-20,-15,-35,-48,-122,-110,-145,-156,-141,-147,-156,-160,-122,-139,-277,-279,-237,-184,-473,-460,-460,-431,-387,-304,-475,-441,-615,-605]} 1. e4 c5 2. Nf3 Nc6 3. d4 cxd4 4. Nxd4 Qb6 5. Nb3 e6 6. Nc3 Nf6 7. Bd3 Be7 8. Qe2 {B33: Sicilian: Pelikan and Sveshnikov Variations} (8. Be3 Qc7 9. f4 d6 10. Qf3 a6 11. O-O O-O 12. a4 b6 13. g4 Re8 14. g5 Nd7 15. Qg3 Bf8 16. h4 Nb4 17. h5 Nc5 18. Nxc5 bxc5 19. g6 d5 20. gxf7+ Qxf7 {0-1 (59) Van Foreest,J (2600)-Iturrizaga Bonelli,E (2662) Vlissingen 2017}) 8... d6 9. O-O a6 10. Be3 Qc7 11. f4 b5 12. a4 b4 {LiveBook: 4 Games} 13. Nb1 {[%cal Bc3b1,Bb1d2,Bd2c4][%mdl 32]} O-O 14. N1d2 a5 15. Kh1 Bb7 16. Nc4 $146 ({Predecessor:} 16. Qf3 Ba6 17. g4 Bb7 18. g5 Nd7 19. Qh3 Rfe8 20. Kg1 Bf8 21. Qh4 g6 22. Rf3 Bg7 23. Raf1 f5 24. gxf6 Bxf6 {1-0 (42) Lagarde,M (2352)-Iwanesko,A (2101) Saint Affrique 2009}) 16... d5 17. Bb6 Qb8 18. exd5 Nxd5 19. Qf2 (19. f5 {is interesting.} e5 20. f6 Nxf6 21. Nc5 Nd4 22. Qxe5 Qxe5 23. Nxe5 Nd5 24. Ncd7) 19... g6 20. Bc5 Ba6 21. Rad1 Rd8 22. Ne5 Bxc5 $1 23. Nxc5 Bxd3 $1 24. Rxd3 Qc7 25. Rh3 Nf6 26. Ncd3 (26. c3 $15) 26... h5 $17 27. Re1 Rac8 28. c3 bxc3 29. bxc3 Ne7 30. c4 Nf5 31. Rf3 {[#]} (31. Qb2 $17 Rd4 32. c5) 31... Ng4 $1 $19 {[%cal Rg4f2]} 32. Qg1 Qe7 33. g3 $2 (33. Rff1) 33... Kg7 34. h3 Nxe5 35. Nxe5 f6 36. Nd3 (36. g4 $142 hxg4 37. Nxg6) 36... Rxc4 37. Qb6 Rd6 {Precision: White = 26%, Black = 72%.} 0-1

[Event "81st Tata Steel Challengers 2019"]
[Site "Wijk aan Zee"]
[Date "2019.01.18"]
[Round "6"]
[White "Korobov, Anton"]
[Black "Bareev, Evgeny"]
[Result "1/2-1/2"]
[WhiteElo "2699"]
[BlackElo "2650"]
[Annotator "TA"]
[PlyCount "73"]
[EventDate "2019.01.12"]
[EventType "tourn"]
[EventCountry "NED"]
[SourceTitle "playchess.com"]
[Source "ChessBase"]
[SourceQuality "1"]

{[%evp 24,73,39,25,25,30,31,29,38,45,46,47,87,93,88,95,70,53,102,102,102,94,102,102,102,102,102,74,77,72,70,50,52,26,27,10,12,0,0,0,8,0,0,0,0,-7,-8,-7,0,0,0,0]} 1. d4 d5 2. c4 c6 3. Nf3 Nf6 4. Nc3 dxc4 5. a4 Bf5 6. e3 e6 7. Bxc4 Bb4 8. O-O O-O 9. Qe2 Nbd7 10. e4 Bg6 11. Bd3 h6 12. Rd1 a6 {D19: Slav Defence: 5 a4 Bf5 6 e3: Main line with 9 Qe2} 13. Bf4 {LiveBook: 10 Games} Qe7 14. h3 Rac8 {White has an edge.} 15. Rac1 {[#]} c5 $146 ({Predecessor:} 15... Rfe8 16. Bb1 Bxc3 17. Rxc3 Qb4 18. Ra3 Red8 19. Rc1 a5 20. Rc4 {½-½ (121) Lautier,J (2632)-Piket,J (2633) Monte Carlo 2000}) 16. e5 {[#] aiming for Bxg6.} Bxd3 17. Qxd3 Bxc3 18. exf6 ({Much worse is} 18. bxc3 Nd5 $11) 18... Qxf6 {[#]} 19. Bd6 $1 $36 {[%cal Rd6f8][%mdl 2048] White is really pushing.} Bxb2 20. Rc2 Bxd4 {And now ...Rfd8 would win.} 21. Bxf8 Rxf8 22. Nxd4 {Nc6! is the strong threat.} cxd4 23. Qxd4 Qxd4 24. Rxd4 $14 {[%mdl 4096] Endgame KRR-KRN} Nf6 25. Rc7 {[%mdl 1024] White has strong compensation.} b6 26. Ra7 a5 27. Rb7 Nd5 28. f4 g6 29. g4 Kg7 {The position is equal.} 30. f5 {Black must now prevent fxe6.} Kf6 31. fxe6 fxe6 32. Kh2 Rc8 33. Rd3 Rc4 34. Rf3+ Ke5 35. Ra3 h5 36. gxh5 gxh5 37. Rg7 {Accuracy: White = 53%, Black = 76%.} 1/2-1/2

[Event "81st Tata Steel Challengers 2019"]
[Site "Wijk aan Zee"]
[Date "2019.01.18"]
[Round "6"]
[White "Kovalev, Vladislav"]
[Black "Saduakassova, Dinara"]
[Result "1-0"]
[WhiteElo "2687"]
[BlackElo "2472"]
[Annotator "TA"]
[PlyCount "137"]
[EventDate "2019.01.12"]
[EventType "tourn"]
[EventCountry "NED"]
[SourceTitle "playchess.com"]
[Source "ChessBase"]
[SourceQuality "1"]

{[%evp 19,137,12,18,5,33,9,12,0,33,16,23,0,22,-17,0,-1,0,-19,11,14,17,11,37,28,32,18,55,29,36,47,50,16,43,33,28,24,28,25,28,17,28,23,22,16,19,15,16,15,15,15,15,16,22,16,27,15,16,24,24,24,35,35,35,35,35,35,35,35,197,163,174,172,170,175,247,247,247,240,256,202,191,143,150,117,339,339,331,331,311,306,482,482,466,456,567,0,163,0,559,569,568,562,673,655,559,499,1783,1700,2843,2633,2415,2175,6041,5185,3270,2754,6029,5953,29976,29974]} 1. e4 e5 2. Nf3 Nf6 3. Nxe5 d6 4. Nf3 Nxe4 5. Qe2 Qe7 6. Nc3 Nxc3 7. dxc3 Qxe2+ 8. Bxe2 Nc6 {C42: Petroff Defence: 3 Nxe5 and unusual White 3rd moves} 9. Be3 Be7 10. O-O-O O-O {LiveBook: 3 Games. The position is equal.} 11. Rde1 $146 ({Predecessor:} 11. Rhe1 Bf6 12. Nd2 Re8 13. Bf3 Ne5 14. Bf4 Kf8 15. Bd5 c6 16. Bb3 {0-1 (66) Kramnik,V (2800)-Caruana,F (2784) Berlin 2018}) 11... Bf6 12. h4 Bg4 13. Bg5 Bd8 14. Kd2 h6 {Strongly threatening ...Bxf3.} 15. Be3 Bf6 16. h5 a6 17. Nh2 Be6 18. b3 d5 19. Nf3 Rad8 20. Nd4 Nxd4 21. cxd4 Be7 22. Rhg1 Bf5 23. c3 Rfe8 24. g4 Be4 25. a4 Kf8 26. f3 Bh7 27. Bd3 Bxd3 28. Kxd3 Bd6 29. Ref1 Re6 30. Bd2 Rde8 31. Rg2 c6 32. f4 f5 33. gxf5 Rf6 $1 34. Rfg1 Re7 35. Rg6 {Threatens to win with Rxf6+.} Ref7 $1 36. Ke2 Be7 37. Rxf6 Rxf6 $11 {[%mdl 4096] Endgame KRB-KRB} 38. Kf3 Rxf5 39. Kg4 Rf7 40. Re1 Bf6 41. Bc1 Rd7 42. Ba3+ Kf7 $1 43. Kf5 Rd8 $2 ({Black should try} 43... Bd8 $14) 44. Re6 $1 $18 Bh4 45. Bd6 Rd7 46. Be5 Be7 (46... Bf2 $142 47. b4 Bh4) 47. Rg6 Bf8 48. Kg4 Ke8 49. f5 Rf7 50. f6 gxf6 51. Bxf6 Kd7 $2 (51... a5 $16 52. c4 Kd7 53. cxd5 cxd5) 52. a5 $1 Ke8 53. Kf5 Kd7 54. c4 $1 dxc4 (54... c5 {was called for.}) 55. bxc4 {[%cal Bb3c4,Bc4c5][%mdl 32]} Kd6 56. Ke4 Kd7 57. Kf5 $2 (57. c5 Rh7 58. Ke5) 57... Kd6 $1 {[#]} 58. Ke4 $2 (58. Kg4 $1) 58... Kd7 59. c5 Rh7 60. Kf5 Rf7 {[#]} 61. Ke5 $1 Rh7 62. Rg8 Ke8 (62... Rf7 $142 63. Rh8 Ke8) 63. Ke6 Rf7 64. Rh8 Rc7 65. Kf5 Rd7 66. Kg6 Rf7 67. Rg8 Rd7 68. Be5 Rd5 69. Kf6 {Precision: White = 77%, Black = 42%.} 1-0

[Event "81st Tata Steel Challengers 2019"]
[Site "Wijk aan Zee"]
[Date "2019.01.18"]
[Round "6"]
[White "Maghsoodloo, Parham"]
[Black "Chigaev, Maksim"]
[Result "0-1"]
[WhiteElo "2679"]
[BlackElo "2604"]
[Annotator "TA"]
[PlyCount "162"]
[EventDate "2019.01.12"]
[EventType "tourn"]
[EventCountry "NED"]
[SourceTitle "playchess.com"]
[Source "ChessBase"]
[SourceQuality "1"]

{[%evp 25,162,0,0,0,1,0,0,0,0,0,14,0,21,25,47,39,60,57,64,56,56,29,102,23,73,39,93,-15,-18,-12,-30,-75,-59,-148,-138,-239,-238,-247,-234,-248,-246,-245,-245,-239,-147,-147,-156,-166,-156,-154,-166,-160,-154,-164,-163,-257,-243,-257,-235,-250,-241,-233,-242,-297,-285,-280,-311,-281,-275,-306,-295,-306,-306,-301,-206,-286,-284,-420,-314,-367,-223,-365,-335,-472,-465,-433,-282,-589,-570,-516,-401,-463,-463,-1575,-1671,-1243,-625,-4071,-3875,-3450,-2389,-2589,-1430,-5073,-3823,-29957,-29958,-29958,-29959,-29959,-29960,-29961,-29962,-29963,-29964,-29964,-29965,-29967,-29966,-29967,-29964,-29966,-29964,-29965,-29966,-29967,-29968,-29967,-29968,-29969,-29970,-29970,-29971,-29971,-29972,-29976,-29971,-29966,-29959]} 1. e4 e5 2. Nf3 Nc6 3. Bc4 Bc5 4. c3 Nf6 5. d4 exd4 6. e5 d5 7. Bb5 Ne4 8. cxd4 Bb6 9. Nc3 O-O 10. Be3 {C54: Giuoco Piano: 4 c3 Nf6, main lines with 5 d4 and 5 d3} Bg4 11. h3 Bh5 12. Qc2 Nxc3 (12... Bg6 13. Qb3 Ne7 14. O-O c6 15. Bd3 Kh8 16. Nh4 c5 17. Nxg6+ fxg6 18. Bxe4 cxd4 19. Nxd5 Nxd5 {1-0 (51) Jones,G (2677)-Aronian,L (2780) Douglas 2018}) 13. bxc3 f6 {LiveBook: 4 Games} 14. exf6 Qxf6 15. Be2 Bg6 16. Qb3 $146 Qd6 17. O-O Rae8 18. a4 a6 19. Rae1 Kh8 20. Qa2 Qd8 21. Bg5 Qd6 22. Bc1 Qd8 23. Nh2 Be4 (23... Ba5 $11 24. Qb3 Bb6) 24. Ng4 (24. Bh5 $16) 24... Rf7 25. Ne3 Ne7 (25... Ba5 $14 26. Bd2 (26. f3 Bg6 $15) 26... Rff8) 26. f3 ({Better is} 26. a5 $16 Ba7 27. Qb3) 26... Bg6 $11 27. Ba3 c6 $36 {[%mdl 2048] White is under pressure.} 28. Qd2 Bc7 $1 29. Bd3 (29. Ng4 $15) 29... Bg3 30. Re2 (30. Rd1 $17) 30... Bxd3 $1 $19 31. Qxd3 Ng6 {[%cal Be7g6,Bg6f4,Bf4e2][%mdl 32]} 32. Ng4 Nf4 $1 {[%cal Rf4d3][%mdl 64] Double Attack} 33. Rxe8+ Qxe8 34. Qc2 Ne2+ 35. Kh1 Bf4 36. Rd1 h5 37. Ne5 Ng3+ 38. Kg1 Bxe5 39. dxe5 Qxe5 40. Bb2 (40. Bb4 {was worth a try.}) 40... Ne2+ 41. Kh1 Qe3 42. Bc1 Qf2 {Threatens to win with ...Ng3+.} 43. Qd3 {Black must now prevent Be3.} Re7 $1 ({Don't play} 43... Ng3+ 44. Kh2) 44. Kh2 Re6 45. Bd2 Ng3 46. Qd4 Nf1+ 47. Kh1 Qxd4 $1 48. cxd4 Nxd2 49. Rxd2 {[%mdl 4096] Endgame KR-KR} Re1+ 50. Kh2 Ra1 51. Kg3 (51. Rb2 $142 Rxa4 52. Rxb7) 51... Kh7 52. Kf4 Kg6 53. Ke5 (53. Rb2 $142 Rxa4 54. Rxb7) 53... Rxa4 54. g4 (54. f4 $142) 54... hxg4 55. hxg4 Ra3 56. Rb2 $2 (56. f4 {is tougher.}) 56... Rxf3 57. Rxb7 Rc3 58. Ra7 {[#]} a5 $1 59. Rxa5 (59. Kf4 $142 a4 60. g5) 59... Kg5 $1 {[%cal Rg5g4]} 60. Ra1 g6 61. Rg1 Rc4 62. Ra1 c5 $1 63. dxc5 Rxc5 64. Ra6 Rc4 65. Kxd5 Rxg4 {Black mates.} 66. Ke5 Rb4 67. Ra1 Kh5 68. Rh1+ Rh4 69. Rf1 g5 70. Kf5 Rh3 71. Ke4 Kg4 72. Rg1+ Rg3 73. Rf1 Ra3 74. Rg1+ {[#]} Kh4 $1 75. Rh1+ Rh3 76. Rf1 g4 {[%cal Bg5g4,Bg4g3][%mdl 32]} 77. Kf4 {[#]} Rh2 $1 78. Ra1 Rf2+ 79. Ke3 g3 80. Rh1+ Kg4 81. Rh7 Rf1 {Accuracy: White = 35%, Black = 70%.} 0-1

[Event "81st Tata Steel Challengers 2019"]
[Site "Wijk aan Zee"]
[Date "2019.01.18"]
[Round "6"]
[White "L'Ami, Erwin"]
[Black "Gledura, Benjamin"]
[Result "0-1"]
[WhiteElo "2643"]
[BlackElo "2615"]
[Annotator "TA"]
[PlyCount "98"]
[EventDate "2019.01.12"]
[EventType "tourn"]
[EventCountry "NED"]
[SourceTitle "playchess.com"]
[Source "ChessBase"]
[SourceQuality "1"]

{[%evp 25,98,2,29,-48,-53,-36,0,-3,39,-9,-3,0,0,9,11,13,26,0,0,0,12,0,20,17,32,0,25,-25,0,0,0,0,0,-90,-86,-89,-75,-75,-83,-79,-94,-225,-230,-222,-194,-200,-202,-320,-325,-359,-348,-343,-319,-333,-283,-329,-332,-341,-321,-386,-381,-475,-456,-469,-463,-828,-854,-941,-958,-943,-907,-881,-852,-937,-897]} 1. e4 e5 2. Nf3 Nc6 3. Bb5 a6 4. Ba4 Nf6 5. O-O Be7 6. Re1 b5 7. Bb3 d6 8. c3 O-O 9. h3 Bb7 10. d4 Re8 11. Nbd2 Bf8 12. Bc2 g6 13. b3 d5 {LiveBook: 13 Games. C92: Closed Ruy Lopez: 9...Be6, Karpov and Flohr-Zaitsev Variations} 14. Bb2 (14. exd5 $11 Nxd5 15. Ne4) (14. dxe5 Nxe5 15. Nxe5 Rxe5 16. f4 Bc5+ 17. Kh2 Re8 18. e5 Nh5 19. Nf3 Bf2 20. g4 Bxe1 21. Qxe1 {0-1 (32) Kokarev,D (2550)-Korotylev,A (2600) Serpukhov 2007}) 14... exd4 $146 ({Predecessor:} 14... dxe4 15. Nxe4 exd4 16. cxd4 Nb4 17. d5 Nfxd5 18. Qd4 f6 19. Bb1 c5 20. Nxc5 Rxe1+ 21. Nxe1 {0-1 (36) Kaiumov,D (2305)-Veingold,A (2445) Moscow (Russia) 1981}) 15. cxd4 Nb4 {[%cal Rd5e4] Black is slightly better.} 16. e5 Nh5 17. a3 Nxc2 18. Qxc2 Nf4 19. b4 a5 20. Bc3 axb4 21. axb4 (21. Bxb4 {looks sharper.} Bc8 22. Bxf8 Rxf8 23. Qc3 Qe7 24. Nf1) 21... Rxa1 22. Rxa1 Bc8 23. Nb3 Bf5 24. Qd1 Be4 25. Kh2 Qd7 26. Ra6 Qc8 27. Rc6 Re6 28. Rxe6 Qxe6 29. Ng5 (29. Nc5 $11 {keeps the balance.} Bxc5 30. dxc5) 29... Qf5 $17 30. Qg4 Be7 $40 {[%mdl 128] Black has strong attack.} ({Reject} 30... Bxg2 $6 31. Qxf5 gxf5 32. Bd2 $11) 31. Nxe4 dxe4 32. Qxf5 gxf5 {[%mdl 4096] Endgame KBN-KBN} 33. Nc1 (33. Na5 $17) 33... Nd5 $19 34. Na2 c6 35. Bd2 f6 36. Kg3 (36. exf6 {is a better defense.} Bxf6 37. Kg1) 36... Kf7 37. f4 Ke6 38. Kf2 h5 39. g3 Nb6 40. Nc1 Kd5 41. Nb3 Nc4 {[%cal Rf6e5]} 42. Bc3 {[#]} Na3 $1 43. Na1 Kc4 {Black is clearly winning.} 44. Bb2 Kxb4 45. d5 (45. Ke2 $142 Nc4 46. d5 Nxb2 47. dxc6) 45... cxd5 {[%cal Bc6d5,Bd5d4][%mdl 32]} 46. exf6 Bc5+ 47. Ke1 d4 48. f7 Kc4 49. Kd1 Bf8 {Precision: White = 35%, Black = 73%.} 0-1